30 méchants de la pop culture en images - Statistiques

Statistiques générales
  • Ce quiz a été pris 332 fois
  • Le résultat moyen est 16 sur 30
Statistiques - réponses
Par images Réponse % Correct
Chucky
96%
Cruella
96%
Gargamel
96%
Voldemort
96%
Joker
93%
Bowser
92%
Dark Vador
92%
Capitaine Crochet
91%
Scar
87%
Jafar
82%
Thanos
77%
Joe Dalton
69%
Hannibal Lecter
62%
Sauron
54%
Freddy Krueger
53%
Freezer
48%
Hisoka
44%
Vecna
44%
Barbe Noire
37%
Madara
36%
Ganondorf
32%
Pat Hibulaire
22%
Shredder
19%
Agent Smith
18%
Grippe Sou
17%
Skeletor
17%
T1000
10%
Vaas
9%
Dr Denfer
5%
Goldfinger
3%
Aucun quiz correspondant
Distribution des résultats
% des personnes avec chaque résultat
Percentile par nombre de réponses
Votre historique - résultats
Vous n’avez pas pris ce quiz